Education for change (Record no. 66992)
[ view plain ]
| 000 -CABECERA | |
|---|---|
| campo de control de longitud fija | 00511nam a2200193 a 4500 |
| 005 - FECHA Y HORA DE LA ÚLTIMA TRANSACCIÓN | |
| campo de control | 20210219153039.0 |
| 008 - ELEMENTOS DE LONGITUD FIJA--INFORMACIÓN GENERAL | |
| campo de control de longitud fija | 991125n 000 0 eng u |
| 035 ## - NÚMERO DE CONTROL DEL SISTEMA | |
| Número de control de sistema | UPN01000074533 |
| 100 ## - ASIENTO PRINCIPAL--NOMBRE PERSONAL | |
| Nombre de persona | OJEMANN, Ralph Henry, 1901- |
| 222 ## - TÍTULO CLAVE | |
| Título clave | THE EDUCATIONAL FORUM |
| 245 ## - MENCIÓN DE TÍTULO | |
| Título | Education for change |
| 260 ## - PUBLICACIÓN, DISTRIBUCIÓN, ETC. | |
| Lugar de publicación, distribución, etc. | Indiana, EUA |
| 300 ## - DESCRIPCIÓN FÍSICA | |
| Extensión | 447-456 |
| 362 ## - FECHAS DE PUBLICACIÓN Y/O DESIGNACIÓN SECUENCIAL | |
| Fecha de publicación y/o designación secuencial | 1970 Vol. 34, no. 4, may. |
| 653 0# - TERMINO DE INDIZACION - NO CONTROLADO | |
| Término no controlado | CONOCIMIENTO CIENTIFICO |
| 653 0# - TERMINO DE INDIZACION - NO CONTROLADO | |
| Término no controlado | DESARROLLO EDUCATIVO |
| 904 ## - ELEMENTOS DE DATOS D LOCAL, LDD (RLIN) | |
| a | AC |
| b | 012344 |
| 905 ## - TIPO DE MATERIAL | |
| Tipo de material | Articulo |
No items available.
